000
00216nam a22000857a 4500
008
160908b xxu||||| |||| 00| 0 eng d
100
_9
331
_a
Singh L
245
_a
Chemistry-X
260
_a
New Delhi
_b
S.Chand publication
_c
2011
999
_c
2991
_d
2991